000 00612nam a2200205 i 4500
001 149912
003 ES-MaACL
005 20250807081307.0
007 t|
008 071025s1960 sp ||||1| spa d
100 1 _aVander, Adrianus.
_9113059
245 1 0 _aAmor, sexo y matrimonio
_b: curación de sus trastornos /
_cDr. Vender.
250 _a1ª ed.
260 _aBarcelona :
_bVander,
_c1960.
300 _a236 p., 44 h. de lám. :
_bil. ;
_c27 cm.
650 0 7 _aMatrimonio
_2embne
_914855
650 7 _aAmor
_2embne
_99754
852 _aES-MaACL
_jC-18369
_bR.46774
999 _c149912
_d149912